000 00508nam a2200181Ia 4500
008 191130s9999##################000#0#eng##
020 _a9781845934538
040 _aACL
_cACL
082 _a790.1 CUS
100 _aCushman, Grant
245 _aFree time and leisure participation
_cGrant Cushman, Anthony J. Veal, Jiri Zuzanek
260 _aWallingford, UK
_bCAB International
300 _a298p
650 _agame
990 _ac06094cfac10000c0aa384d09c4b7fd3
991 _a356431
999 _c188248
_d188248